Comportamiento estructural de paredes livianas con marco de madera y forro de madera contrachapada ante carga horizontal
שמור ב:
| מחבר ראשי: | |
|---|---|
| מחברים אחרים: | |
| פורמט: | ספר |
| יצא לאור: |
[San José], Costa Rica
2010
|
| נושאים: | |
| תגים: |
הוספת תג
אין תגיות, היה/י הראשונ/ה לתייג את הרשומה!
|
MARC
| LEADER | 00000nam a2200000Ia 4500 | ||
|---|---|---|---|
| 003 | 010228 | ||
| 005 | 20230905154041.0 | ||
| 008 | 140114s2010 cr a 000 ||s d | ||
| 040 | |c cru CEDI | ||
| 090 | |a TFG 6282 | ||
| 100 | |a Salas Boraschi, Bernardo, 1986- |9 1388 | ||
| 245 | |a Comportamiento estructural de paredes livianas con marco de madera y forro de madera contrachapada ante carga horizontal | ||
| 260 | |a [San José], Costa Rica |c 2010 | ||
| 300 | |a xxi, 211 páginas : ilustraciones (algunas a color). | ||
| 500 | |a Proyecto de graduación (licenciatura en ingeniería civil)--Universidad de Costa Rica. Facultad de Ingeniería. Escuela de Ingeniería Civil | ||
| 501 | |a Director de Proyecto de Graduación: Ing. Guillermo González Beltrán, Ph.D. | ||
| 650 | |x MUROS |x MARCOS ESTRUCTURALES |x MADERA CONTRACHAPADA |x RESISTENCIA DE MATERIALES |x ANALISIS ESTRUCTURAL (INGENIERIA) |9 2771 | ||
| 700 | |9 219 |a González Beltrán, Guillermo, 1974- |d Director del TFG | ||
| 942 | |c CEDI | ||
| 999 | |c 15922 |d 15922 | ||
